000
00257nam a22001097a 4500
082
_a
030 CHA'I
100
_a
INTERNATIONAL
_9
10199
245
_a
CHAMBER'S ENCYCLOPEDIA VOLUME - XIII
260
_a
LONDON
_b
INTERNATIONAL
_c
1973
300
_a
836P
942
_c
BK
999
_c
583265
_d
583265